00373nam a2200121Ia 4500008004100000082002000041100002200061245001500083260003300098300000900131630001800140650009300158211109s9999||||xx |||||||||||||| ||und|| a894.8123bKAM-M aKamala Nalpattu,  0aMathilukal bMathrubhumiaKozhikodec1955 a93p. xGeneral Stack aMalayalam Literaturevmalayalam FictionMalayalam NovelMalayalam Short StoriesxMalayalam